Money matters : a critical look at bank architecture

Bibliographic Details
Format: Book
Published: New York : McGraw-Hill , 1990
Subjects:

MARC

LEADER 00000cam a2200000 7i4500
001 0000004923
002 000005308
005 20000330.0
020 |a 0070305331 
090 0 0 |a 725.240973   |b MON 
245 0 0 |a Money matters :   |b a critical look at bank architecture 
260 |a New York :   |b McGraw-Hill ,   |c 1990 
300 |a 300 p. ;   |c 29 cm. 
650 0 0 |a Bank buildings   |z United States 
999 |a 037670   |b BUKU   |c PINJAMAN   |e PERPUSTAKAAN KOMUNITI PETALING JAYA 
999 |a 037671   |b BUKU   |c PINJAMAN   |e PERPUSTAKAAN KOMUNITI PETALING JAYA